Online Catalogue and eLibrary

Social stratification and change in India . (Record no. 157)

MARC details
000 -LEADER
fixed length control field 00454nam a22001697a 4500
005 - DATE AND TIME OF LATEST TRANSACTION
control field 20231206015228.0
008 - FIXED-LENGTH DATA ELEMENTS--GENERAL INFORMATION
fixed length control field 231206b |||||||| |||| 00| 0 eng d
020 ## - INTERNATIONAL STANDARD BOOK NUMBER
ISBN 8185054655
082 ## - DDC Classification
DDC Edition Number 22
Class No. 305.5.
Item Number - Author Mark YOG.
100 ## - MAIN ENTRY--PERSONAL NAME
Personal name Yogendra singh.
245 ## - TITLE STATEMENT
Title Social stratification and change in India .
Statement of responsibility, etc. Singh yogendra.
250 ## - EDITION STATEMENT
Edition statement 1st.
260 ## - PUBLICATION, DISTRIBUTION, ETC.
Place of publication, distribution, etc. New delhi .
Name of publisher, distributor, etc. Manohar publication.
Date of publication, distribution, etc. 1977.
300 ## - PHYSICAL DESCRIPTION
Extent (e.g. Volumes, Pages etc.) xxi, 157 p.
650 ## - SUBJECT ADDED ENTRY--TOPICAL TERM
Topical term or geographic name entry element sociology.
942 ## - Koha item type (Biblio)
Koha item type Books in Stacks (Lending)
Holdings
Lost status Damaged status Collection code Home library Current library Date acquired Full call number Accession Number Item type
    Lending WERC Library WERC Library 12/06/2023 305.5. YOG. 1008 Books in Stacks (Lending)

© WERC Library